| 000 | 00847nas a2200289 4500 | ||
|---|---|---|---|
| 001 | BR0404980 | ||
| 003 | BR-BrBNA | ||
| 005 | 20231205104914.0 | ||
| 007 | ta | ||
| 008 | 230509b bl.|||p| |||| 00| 00por d | ||
| 040 |
_aBR-BrBNA _bpor _cBiblioteca Nacional de Agricultura |
||
| 041 | _a(Pt) | ||
| 072 | _aH20 | ||
| 100 | 1 | _aKuniyuki, H. | |
| 100 | 1 | _aRezende, J.A.M. | |
| 100 | 1 | _aScagliusi, S.M.M. | |
| 100 | 1 | _aVega, J. | |
| 100 | 1 | _aYuki, V.A. | |
| 245 | 1 | _aIncidência de Grapevine leafroll-associated viruses 1, 2 e 3 em vinhedos do Estado de São Paulo | |
| 650 | _aUVA | ||
| 650 | _aENROLAMENTO | ||
| 650 | _aELISA | ||
| 650 | _aSÃO PAULO | ||
| 773 | 0 |
_tSumma Phytopathologica (Brazil) _xISSN 0100-5405 _g(Oct-Dec 2002), v. 28(4) p. 311-314 _wBR0404980 |
|
| 909 |
_a202311 _bLúcia _c55 _dLúcia Elande |
||
| 942 |
_2AGRIS _n0 _cANA |
||
| 999 |
_c180224 _d180224 |
||